[Event "CAN-op"]
[Site "Kapuskasing CAN"]
[Date "2004.07.10"]
[Round "1"]
[White "Kunte, Abhijit"]
[Black "Harper, Ryan"]
[Result "1-0"]
[WhiteElo "2532"]
[BlackElo "2207"]
[PlyCount "66"]
[GameId "2160767911095216"]
[EventDate "2004.07.10"]
[EventType "swiss"]
[EventRounds "10"]
[EventCountry "CAN"]
[SourceTitle "CBM 101 Extra"]
[Source "ChessBase"]
[SourceDate "2004.09.01"]
[SourceVersion "2"]
[SourceVersionDate "2004.09.01"]
[SourceQuality "1"]

1. e4 c5 2. Nf3 d6 3. d4 cxd4 4. Nxd4 Nf6 5. Nc3 g6 6. Be3 Bg7 7. f3 O-O 8. Qd2 Nc6 9. Bc4 Bd7 10. O-O-O Ne5 11. Bb3 Qa5 12. h4 Rfc8 13. h5 Nxh5 14. Nd5 Qxd2+ 15. Rxd2 Kf8 16. g4 Nf6 17. Bh6 Nxd5 18. Bxd5 Rc7 19. Rdh2 e6 20. Bxg7+ Kxg7 21. Rxh7+ Kf6 22. Bb3 a5 23. a3 b5 24. f4 Nd3+ 25. Kb1 Nxf4 26. g5+ Ke5 27. c3 Be8 28. Bc2 d5 29. Re1 Kd6 30. e5+ Kc5 31. Rf1 Nh5 32. Nxe6+ fxe6 33. Rxc7+ Kb6 1-0

[Event "CAN-op"]
[Site "Kapuskasing CAN"]
[Date "2004.07.10"]
[Round "1"]
[White "Lipnowski, Samuel"]
[Black "Nickoloff, Bryon"]
[Result "0-1"]
[WhiteElo "2288"]
[BlackElo "2405"]
[PlyCount "78"]
[GameId "2160767911095217"]
[EventDate "2004.07.10"]
[EventType "swiss"]
[EventRounds "10"]
[EventCountry "CAN"]
[SourceTitle "CBM 101 Extra"]
[Source "ChessBase"]
[SourceDate "2004.09.01"]
[SourceVersion "2"]
[SourceVersionDate "2004.09.01"]
[SourceQuality "1"]

1. e4 c5 2. Nf3 Nc6 3. Bb5 e6 4. O-O Nge7 5. b3 Nd4 6. Nxd4 cxd4 7. Ba3 a6 8. Be2 d6 9. c4 Nc6 10. d3 Be7 11. Nd2 O-O 12. f4 a5 13. Nf3 f5 14. exf5 exf5 15. Qd2 h6 16. h4 Be6 17. Rae1 Bf7 18. g3 d5 19. Bxe7 Qxe7 20. Bd1 Qb4 21. Qf2 dxc4 22. dxc4 Rad8 23. Ne5 Nxe5 24. fxe5 Be6 25. Bf3 d3 26. Qg2 Rf7 27. Bd5 Bxd5 28. cxd5 Qd4+ 29. Kh2 Qxd5 30. Qxd5 Rxd5 31. Rd1 g6 32. Rd2 Rc7 33. Rff2 Kf7 34. h5 gxh5 35. Rxf5+ Ke6 36. Rff2 Kxe5 37. Kh3 Ke4 38. Rd1 Ke3 39. Rff1 d2 0-1

[Event "CAN-op"]
[Site "Kapuskasing CAN"]
[Date "2004.07.10"]
[Round "1"]
[White "Mikhalevski, Victor"]
[Black "Betaneli, Alexander"]
[Result "1-0"]
[WhiteElo "2551"]
[BlackElo "2228"]
[PlyCount "87"]
[GameId "2160767911095218"]
[EventDate "2004.07.10"]
[EventType "swiss"]
[EventRounds "10"]
[EventCountry "CAN"]
[SourceTitle "CBM 101 Extra"]
[Source "ChessBase"]
[SourceDate "2004.09.01"]
[SourceVersion "2"]
[SourceVersionDate "2004.09.01"]
[SourceQuality "1"]

1. d4 Nf6 2. c4 e6 3. g3 d5 4. Bg2 Bb4+ 5. Nd2 c6 6. Ngf3 b5 7. c5 O-O 8. Ne5 Nfd7 9. Nd3 Bxd2+ 10. Bxd2 Qf6 11. Bc3 a5 12. a3 Qe7 13. Qd2 e5 14. dxe5 Nxc5 15. Nxc5 Qxc5 16. Bxa5 Re8 17. Bc7 Nd7 18. Rc1 Qa7 19. Rxc6 Bb7 20. Rc2 Nc5 21. Qd4 Ne6 22. Qxa7 Rxa7 23. O-O b4 24. axb4 Rc8 25. Rfc1 Nd4 26. b5 Nxc2 27. Rxc2 Ra1+ 28. Bf1 d4 29. f3 Bd5 30. b6 g5 31. Kf2 Rca8 32. Rd2 R1a4 33. Bd6 Bb7 34. Bc5 Rd8 35. b3 Ra1 36. b4 h5 37. Bg2 Kh7 38. f4 Bxg2 39. Kxg2 gxf4 40. gxf4 Kg6 41. Bd6 Kf5 42. b7 Rg8+ 43. Kh3 d3 44. Rxd3 1-0

[Event "CAN-op"]
[Site "Kapuskasing CAN"]
[Date "2004.07.10"]
[Round "1"]
[White "Miller, Evgeny"]
[Black "Tyomkin, Dimitri"]
[Result "0-1"]
[WhiteElo "2193"]
[BlackElo "2498"]
[PlyCount "74"]
[GameId "2160767911095219"]
[EventDate "2004.07.10"]
[EventType "swiss"]
[EventRounds "10"]
[EventCountry "CAN"]
[SourceTitle "CBM 101 Extra"]
[Source "ChessBase"]
[SourceDate "2004.09.01"]
[SourceVersion "2"]
[SourceVersionDate "2004.09.01"]
[SourceQuality "1"]

1. e4 c5 2. c3 g6 3. Nf3 Bg7 4. d4 cxd4 5. cxd4 Nf6 6. Nc3 d5 7. e5 Ne4 8. Bb5+ Nc6 9. Qa4 O-O 10. Bxc6 Nxc3 11. bxc3 bxc6 12. Qxc6 Bg4 13. Bd2 Rc8 14. Qa6 f6 15. exf6 Rxf6 16. Qd3 Bxf3 17. gxf3 Qf8 18. Ke2 Rcc6 19. Rae1 Rce6+ 20. Kd1 Rxf3 21. Qb5 Rb6 22. Qxd5+ Kh8 23. Be3 Rf5 24. Qe4 Qc8 25. Qd3 Rfb5 26. Bc1 Rb1 27. Ke2 Re6+ 28. Kd1 Qb7 29. Kc2 Ra6 30. Qxa6 Rxc1+ 31. Kxc1 Bh6+ 32. Kc2 Qxa6 33. Kb3 Qb5+ 34. Kc2 Qf5+ 35. Kb3 Qf7+ 36. Ka3 Qc4 37. Kb2 Bd2 0-1

[Event "CAN-op"]
[Site "Kapuskasing CAN"]
[Date "2004.07.10"]
[Round "1"]
[White "Miroshnichenko, Evgenij"]
[Black "Zubac, Marius"]
[Result "1-0"]
[WhiteElo "2615"]
[BlackElo "2185"]
[PlyCount "83"]
[GameId "2160767911095220"]
[EventDate "2004.07.10"]
[EventType "swiss"]
[EventRounds "10"]
[EventCountry "CAN"]
[SourceTitle "CBM 101 Extra"]
[Source "ChessBase"]
[SourceDate "2004.09.01"]
[SourceVersion "2"]
[SourceVersionDate "2004.09.01"]
[SourceQuality "1"]

1. Nf3 d5 2. c4 c6 3. g3 f5 4. Bg2 Nf6 5. O-O e6 6. d3 dxc4 7. dxc4 Qxd1 8. Rxd1 Bc5 9. Nc3 Ng4 10. e3 Nd7 11. b3 Nge5 12. Nd4 Nb6 13. Bb2 Bd7 14. Nce2 Nf7 15. Nf4 Ke7 16. Nxf5+ exf5 17. Nd3 Bd6 18. c5 Bc7 19. cxb6 axb6 20. Bxg7 Rhg8 21. Bb2 Ra7 22. b4 Rga8 23. a3 Nd6 24. Ne5 Be6 25. Rac1 Rxa3 26. Bxa3 Rxa3 27. Nf3 Ra4 28. Nd4 Bd7 29. Nc2 Ra2 30. Rd4 Be6 31. Rh4 Bg8 32. Nd4 Bd8 33. Rh6 c5 34. bxc5 bxc5 35. Rxc5 Ra1+ 36. Bf1 Bc4 37. Nxf5+ Kf8 38. Rxd6 Bxf1 39. Rxd8+ Kf7 40. Rd7+ Ke8 41. Re7+ Kd8 42. Ra5 1-0

[Event "CAN-op"]
[Site "Kapuskasing CAN"]
[Date "2004.07.10"]
[Round "1"]
[White "Moiseenko, Alexander"]
[Black "Quan Zhe"]
[Result "1-0"]
[WhiteElo "2640"]
[BlackElo "2324"]
[PlyCount "131"]
[GameId "2160767911095221"]
[EventDate "2004.07.10"]
[EventType "swiss"]
[EventRounds "10"]
[EventCountry "CAN"]
[SourceTitle "CBM 101 Extra"]
[Source "ChessBase"]
[SourceDate "2004.09.01"]
[SourceVersion "2"]
[SourceVersionDate "2004.09.01"]
[SourceQuality "1"]

1. d4 Nf6 2. Bg5 e6 3. Nf3 c5 4. e3 Be7 5. c3 b6 6. Bd3 Bb7 7. Nbd2 cxd4 8. exd4 d6 9. Qc2 Nd5 10. Bxe7 Qxe7 11. O-O-O h6 12. Rhe1 Nd7 13. Kb1 O-O 14. Ne4 N7f6 15. Qd2 Nxe4 16. Bxe4 Nf6 17. Bc2 b5 18. Qd3 Bxf3 19. gxf3 Qb7 20. Rg1 Qd5 21. Rg3 Kh8 22. Rdg1 Rg8 23. Qe3 Qh5 24. f4 Qxh2 25. Qf3 Qh5 26. Qg2 Qd5 27. Qh2 Nh7 28. f3 Qc4 29. Qg2 g6 30. Qd2 h5 31. Bb3 Qc7 32. d5 e5 33. fxe5 dxe5 34. d6 Qd7 35. Qd5 Qf5+ 36. Bc2 Qf6 37. d7 Rad8 38. Qxb5 Qe7 39. Rd1 Nf6 40. Ba4 e4 41. Qg5 Kg7 42. fxe4 Qxe4+ 43. Bc2 Qe6 44. Re3 Qg4 45. Qxg4 Nxg4 46. Re2 h4 47. c4 h3 48. c5 h2 49. c6 Rh8 50. Be4 Ne5 51. Bh1 Kf6 52. Rc2 Ke6 53. Re1 Rdf8 54. c7 Kxd7 55. Rxe5 Re8 56. c8=Q+ Rxc8 57. Rd2+ Kc7 58. Re7+ Kb6 59. Rb7+ Kc5 60. Rd5+ Kc6 61. Rd3+ Kc5 62. Rd5+ Kc6 63. Rxf7 Rcg8 64. b4 Re8 65. Rd4+ Kb5 66. Rb7+ 1-0

[Event "CAN-op"]
[Site "Kapuskasing CAN"]
[Date "2004.07.10"]
[Round "1"]
[White "Nahutin, Yevgeni"]
[Black "Whissell, Mavros"]
[Result "1/2-1/2"]
[WhiteElo "2047"]
[BlackElo "1920"]
[PlyCount "75"]
[GameId "2160767911095222"]
[EventDate "2004.07.10"]
[EventType "swiss"]
[EventRounds "10"]
[EventCountry "CAN"]
[SourceTitle "EXT 2022"]
[Source "ChessBase"]
[SourceDate "2021.10.06"]
[SourceVersion "1"]
[SourceVersionDate "2021.10.06"]
[SourceQuality "1"]

1. Nf3 d5 2. d4 Nf6 3. e3 g6 4. Be2 Bg7 5. b3 O-O 6. Bb2 Nbd7 7. Nbd2 Re8 8. Ne5 c5 9. O-O Ne4 10. Nxe4 dxe4 11. c4 Qc7 12. Nxd7 Bxd7 13. Qb1 cxd4 14. exd4 f5 15. b4 Rad8 16. d5 e6 17. Bxg7 Kxg7 18. Qb2+ Kf7 19. Rfd1 exd5 20. cxd5 Qd6 21. Qd4 b6 22. a4 e3 23. f3 f4 24. a5 Ra8 25. b5 g5 26. axb6 axb6 27. Ra6 Rab8 28. h3 Rb7 29. Rc1 Qf6 30. Qb4 Reb8 31. Rc6 Bxc6 32. bxc6 Rc7 33. Rxb6 Rxb6 34. Qxb6 Qd6 35. Bc4 Kg7 36. Qd4+ Qf6 37. Qb6 Qd6 38. Qd4+ 1/2-1/2

[Event "CAN-op"]
[Site "Kapuskasing CAN"]
[Date "2004.07.10"]
[Round "1"]
[White "Papineau (Granby), Daniel"]
[Black "Dumontelle, Joseph"]
[Result "1-0"]
[WhiteElo "1736"]
[BlackElo "1897"]
[PlyCount "41"]
[GameId "2160767911095224"]
[EventDate "2004.07.10"]
[EventType "swiss"]
[EventRounds "10"]
[EventCountry "CAN"]

1. d4 f5 2. c4 g6 3. h4 h5 4. Nc3 c5 5. Nf3 Bg7 6. d5 d6 7. Ng5 Qa5 8. Bd2 Qb6 9. f3 Nf6 10. e3 Na6 11. a3 Nc7 12. Na4 Qa6 13. b4 b6 14. Rb1 Bd7 15. Nc3 e5 16. dxe6 Nxe6 17. Nxe6 Bxe6 18. Nb5 O-O-O 19. a4 d5 20. cxd5 Nxd5 21. Nd6+ 1-0

[Event "CAN-op"]
[Site "Kapuskasing CAN"]
[Date "2004.07.10"]
[Round "1"]
[White "Pauric, Ivan"]
[Black "Krayushkin, Victor"]
[Result "1/2-1/2"]
[WhiteElo "2081"]
[BlackElo "2117"]
[PlyCount "57"]
[GameId "2160767911095225"]
[EventDate "2004.07.10"]
[EventType "swiss"]
[EventRounds "10"]
[EventCountry "CAN"]

1. d4 Nf6 2. Nf3 g6 3. h3 Bg7 4. Bf4 O-O 5. e3 c5 6. c3 Qb6 7. Qb3 Qxb3 8. axb3 cxd4 9. exd4 Nc6 10. b4 d5 11. Bd3 Bf5 12. Bxf5 gxf5 13. Ne5 Nxe5 14. Bxe5 Rfe8 15. O-O Ne4 16. Bxg7 Kxg7 17. Rd1 Rg8 18. Nd2 Kf6 19. Nf3 Rg7 20. Ne1 f4 21. Kf1 e6 22. Ke2 h5 23. Ra2 Nd6 24. Kf3 Kf5 25. Rda1 a6 26. Nd3 Ne4 27. Nxf4 Nd2+ 28. Ke3 Nc4+ 29. Kf3 1/2-1/2

[Event "CAN-op"]
[Site "Kapuskasing CAN"]
[Date "2004.07.10"]
[Round "1"]
[White "Spraggett, Kevin"]
[Black "Goletiani, Rusudan"]
[Result "1-0"]
[WhiteElo "2584"]
[BlackElo "2334"]
[PlyCount "75"]
[GameId "2160767911095229"]
[EventDate "2004.07.10"]
[EventType "swiss"]
[EventRounds "10"]
[EventCountry "CAN"]
[SourceTitle "CBM 101 Extra"]
[Source "ChessBase"]
[SourceDate "2004.09.01"]
[SourceVersion "2"]
[SourceVersionDate "2004.09.01"]
[SourceQuality "1"]

1. e4 c5 2. Nf3 e6 3. d4 cxd4 4. Nxd4 a6 5. c4 Nf6 6. Nc3 d6 7. Be2 Be7 8. O-O O-O 9. Be3 b6 10. Qd2 Bb7 11. f3 Nbd7 12. Rfd1 Rc8 13. Rac1 Qc7 14. Bf1 Qb8 15. Kh1 Rfe8 16. a3 Bd8 17. Bg1 Ne5 18. b3 Ng6 19. b4 Bc7 20. Rb1 h5 21. b5 a5 22. Nc6 Qa8 23. Bd4 Nd7 24. Qg5 h4 25. f4 Bxc6 26. bxc6 Qxc6 27. f5 Bd8 28. Qh5 Nge5 29. c5 Nf6 30. Qxh4 Rf8 31. cxb6 Nfd7 32. Qg3 Bxb6 33. f6 g6 34. Rxb6 Nxb6 35. Bb5 Qc7 36. Qh4 Ng4 37. Qxg4 e5 38. Qh4 1-0

[Event "CAN-op"]
[Site "Kapuskasing CAN"]
[Date "2004.07.10"]
[Round "1"]
[White "Tessier, Olivier"]
[Black "Jonkman, Harmen"]
[Result "0-1"]
[WhiteElo "2141"]
[BlackElo "2425"]
[PlyCount "60"]
[GameId "2160767911095230"]
[EventDate "2004.07.10"]
[EventType "swiss"]
[EventRounds "10"]
[EventCountry "CAN"]
[SourceTitle "CBM 101 Extra"]
[Source "ChessBase"]
[SourceDate "2004.09.01"]
[SourceVersion "2"]
[SourceVersionDate "2004.09.01"]
[SourceQuality "1"]

1. e4 e5 2. Nf3 Nc6 3. Bb5 Nf6 4. O-O Nxe4 5. Qe2 Ng5 6. Bxc6 dxc6 7. Nxg5 Qxg5 8. d4 Qe7 9. dxe5 Bf5 10. Na3 Qe6 11. Nc4 Bc5 12. Kh1 O-O-O 13. b3 Rhe8 14. Be3 Bb4 15. a4 Qg6 16. Rac1 a6 17. Rfd1 Rxd1+ 18. Qxd1 Bc3 19. Bd4 Be4 20. f3 Bxc2 21. Rxc2 Bxd4 22. Rd2 Bc5 23. g3 h5 24. Kg2 h4 25. g4 Qg5 26. Rd3 h3+ 27. Kg3 Rh8 28. Qe2 Qh4+ 29. Kf4 g5+ 30. Kf5 Qh6 0-1

[Event "CAN-op"]
[Site "Kapuskasing CAN"]
[Date "2004.07.10"]
[Round "1"]
[White "Tseitlin, Mark D"]
[Black "Molchanov, Yevhen"]
[Result "1-0"]
[WhiteElo "2484"]
[BlackElo "2104"]
[PlyCount "37"]
[GameId "2160767911095231"]
[EventDate "2004.07.10"]
[EventType "swiss"]
[EventRounds "10"]
[EventCountry "CAN"]
[SourceTitle "CBM 101 Extra"]
[Source "ChessBase"]
[SourceDate "2004.09.01"]
[SourceVersion "2"]
[SourceVersionDate "2004.09.01"]
[SourceQuality "1"]

1. e4 c5 2. Nf3 Nc6 3. Bb5 e6 4. O-O Nge7 5. Re1 Ng6 6. c3 Be7 7. d4 cxd4 8. cxd4 d5 9. h4 Nxh4 10. Nxh4 Bxh4 11. exd5 Qxd5 12. Nc3 Qf5 13. g3 Qg6 14. Kh2 O-O 15. gxh4 Qf6 16. Bxc6 bxc6 17. Ne4 Qxh4+ 18. Kg2 f5 19. Bg5 1-0

[Event "CAN-op"]
[Site "Kapuskasing CAN"]
[Date "2004.07.11"]
[Round "2"]
[White "Arencibia Rodriguez, Walter"]
[Black "Tessier, Olivier"]
[Result "1-0"]
[WhiteElo "2531"]
[BlackElo "2141"]
[PlyCount "113"]
[GameId "2160767911095232"]
[EventDate "2004.07.10"]
[EventType "swiss"]
[EventRounds "10"]
[EventCountry "CAN"]
[SourceTitle "CBM 101 Extra"]
[Source "ChessBase"]
[SourceDate "2004.09.01"]
[SourceVersion "2"]
[SourceVersionDate "2004.09.01"]
[SourceQuality "1"]

1. d4 Nf6 2. c4 c5 3. d5 b5 4. cxb5 a6 5. bxa6 g6 6. Nc3 Bxa6 7. g3 d6 8. Bg2 Bg7 9. Nf3 Nbd7 10. Rb1 Ng4 11. O-O O-O 12. Qc2 Qa5 13. Bg5 Rfe8 14. Rfd1 h6 15. Bd2 Reb8 16. b3 Nge5 17. Nh4 Nf8 18. h3 Qa3 19. Kh2 c4 20. Qc1 Qxc1 21. Rdxc1 Ned7 22. b4 Bb5 23. Nf3 Bxc3 24. Bxc3 Rxa2 25. Nd4 e5 26. Nxb5 Rxb5 27. Be1 Nb6 28. e4 f5 29. f3 Nh7 30. Ra1 Re2 31. Ra5 Rxa5 32. bxa5 Nd7 33. Bb4 Ng5 34. exf5 gxf5 35. Kh1 e4 36. fxe4 Nxe4 37. Bxe4 fxe4 38. Bxd6 Ra2 39. Bf4 Rxa5 40. d6 Rc5 41. Bxh6 Kf7 42. Kg2 Ke6 43. Kf2 Kxd6 44. Ke3 Rh5 45. Bf4+ Kc5 46. h4 Nf6 47. Bg5 Nh7 48. g4 Rxg5 49. hxg5 Nxg5 50. Kf4 Nh3+ 51. Kxe4 Nf2+ 52. Kf5 Nxg4 53. Kxg4 Kd4 54. Kf3 Kd3 55. Rd1+ Kc2 56. Ke2 c3 57. Rh1 1-0

[Event "CAN-op"]
[Site "Kapuskasing CAN"]
[Date "2004.07.11"]
[Round "2"]
[White "Betaneli, Alexander"]
[Black "Peng, David Yu"]
[Result "1/2-1/2"]
[WhiteElo "2228"]
[BlackElo "2038"]
[PlyCount "109"]
[GameId "2160767911095233"]
[EventDate "2004.07.10"]
[EventType "swiss"]
[EventRounds "10"]
[EventCountry "CAN"]
[SourceTitle "CBM 101 Extra"]
[Source "ChessBase"]
[SourceDate "2004.09.01"]
[SourceVersion "2"]
[SourceVersionDate "2004.09.01"]
[SourceQuality "1"]

1. c4 e6 2. Nc3 f5 3. e4 fxe4 4. Nxe4 Nf6 5. Bd3 Nc6 6. Nh3 Be7 7. Nxf6+ Bxf6 8. Qh5+ g6 9. Qh6 Qe7 10. O-O Qg7 11. Qxg7 Bxg7 12. Be4 Ne5 13. d3 d5 14. cxd5 exd5 15. Bxd5 Bxh3 16. gxh3 O-O-O 17. Be4 Nxd3 18. Be3 Nxb2 19. Rab1 b6 20. Rfc1 Na4 21. Rb3 Bd4 22. Bc6 Nc5 23. Ra3 Kb8 24. Re1 Ne6 25. Rb1 Rd6 26. Bf3 Rf8 27. Bh6 Bg7 28. Bxg7 Nxg7 29. Rb4 Ne6 30. Kg2 Rd2 31. Re4 Nd4 32. Re7 h5 33. h4 a5 34. Rc3 Nxf3 35. Rcxc7 Nxh4+ 36. Kh3 g5 37. Rb7+ Kc8 38. Rec7+ Kd8 39. Rc3 Rdxf2 40. Rb8+ Kd7 41. Rb7+ Kd6 42. Rxb6+ Kd5 43. Rb5+ Kd4 44. Rg3 R8f5 45. Rxg5 R2f3+ 46. Kxh4 Rxb5 47. Rxb5 Rf2 48. Rxa5 Rxh2+ 49. Kg3 Rc2 50. a4 Kc4 51. Ra8 Ra2 52. a5 Kb5 53. Rb8+ Ka6 54. Rb6+ Kxa5 55. Rh6 1/2-1/2

[Event "CAN-op"]
[Site "Kapuskasing CAN"]
[Date "2004.07.11"]
[Round "2"]
[White "Carayanniotis, Jason"]
[Black "Papineau (Granby), Daniel"]
[Result "0-1"]
[WhiteElo "1611"]
[BlackElo "1736"]
[PlyCount "147"]
[GameId "2160767911095234"]
[EventDate "2004.07.10"]
[EventType "swiss"]
[EventRounds "10"]
[EventCountry "CAN"]

1. d4 Nf6 2. c4 e6 3. Nc3 Bb4 4. Qc2 c5 5. e3 Nc6 6. Nf3 O-O 7. Be2 d5 8. O-O cxd4 9. exd4 dxc4 10. Rd1 Na5 11. Bg5 Be7 12. d5 exd5 13. Nxd5 Nxd5 14. Bxe7 Qxe7 15. Rxd5 b6 16. Re5 Qf6 17. Re1 Qg6 18. Qxg6 hxg6 19. Re4 Bf5 20. Rd4 b5 21. a4 a6 22. g4 Bc2 23. Bd1 Bxd1 24. Rexd1 Nc6 25. Rd6 Nb4 26. Ne1 Rfe8 27. Kf1 Rac8 28. Rc1 Re4 29. Nd3 Nxd3 30. Rxd3 cxd3 31. Rxc8+ Kh7 32. Rd8 Rxa4 33. Rxd3 Rxg4 34. Rd7 Rb4 35. Ra7 Rxb2 36. Rxa6 b4 37. Rb6 Kh6 38. Rb5 g5 39. h3 b3 40. Kg2 g6 41. Kf3 f5 42. Kg3 Rb1 43. Kg2 b2 44. Kf3 Kg7 45. Ke2 Kf6 46. Kf3 Ke6 47. Rb6+ Kd5 48. Rb5+ Kc4 49. Rb8 Kc3 50. Rc8+ Kd2 51. Rb8 Ke1 52. Kg2 Ke2 53. Rb7 Kd3 54. Rb8 Ke4 55. Rb4+ Ke5 56. Rb5+ Kf6 57. Rb6+ Kg7 58. Rb7+ Kh6 59. Rb5 Kh5 60. Rb6 Kh4 61. Rb4+ f4 62. Rb6 g4 63. hxg4 Rd1 64. Rxb2 Kxg4 65. Rb4 Rd3 66. Ra4 g5 67. Rb4 Rd5 68. Ra4 Kf5 69. Rb4 Kg4 70. Rb3 Rf5 71. Rb4 Kh4 72. Ra4 g4 73. Rb4 Kh5 74. Ra4 0-1

[Event "CAN-op"]
[Site "Kapuskasing CAN"]
[Date "2004.07.11"]
[Round "2"]
[White "Costa, Joao Guerra"]
[Black "Kunte, Abhijit"]
[Result "0-1"]
[WhiteElo "2209"]
[BlackElo "2532"]
[PlyCount "56"]
[GameId "2160767911095235"]
[EventDate "2004.07.10"]
[EventType "swiss"]
[EventRounds "10"]
[EventCountry "CAN"]
[SourceTitle "CBM 101 Extra"]
[Source "ChessBase"]
[SourceDate "2004.09.01"]
[SourceVersion "2"]
[SourceVersionDate "2004.09.01"]
[SourceQuality "1"]

1. e4 c5 2. Nf3 e6 3. d4 cxd4 4. Nxd4 a6 5. c4 Nf6 6. Nc3 Qc7 7. a3 b6 8. Be3 Bb7 9. f3 d6 10. Be2 Nbd7 11. Rc1 Be7 12. O-O O-O 13. b4 Rac8 14. Qe1 Qb8 15. Qf2 Rfe8 16. Rfd1 Bd8 17. Nb3 Bc7 18. g3 h6 19. Na4 d5 20. exd5 exd5 21. c5 Rxe3 22. Qxe3 Bxg3 23. c6 Bxc6 24. Rxc6 Rxc6 25. Nd4 Bxh2+ 26. Kh1 Rc8 27. Nf5 Re8 28. Qf2 Bf4 0-1

[Event "CAN-op"]
[Site "Kapuskasing CAN"]
[Date "2004.07.11"]
[Round "2"]
[White "Epishin, Vladimir"]
[Black "Miller, Evgeny"]
[Result "1/2-1/2"]
[WhiteElo "2635"]
[BlackElo "2193"]
[PlyCount "165"]
[GameId "2160767911095236"]
[EventDate "2004.07.10"]
[EventType "swiss"]
[EventRounds "10"]
[EventCountry "CAN"]
[SourceTitle "CBM 101 Extra"]
[Source "ChessBase"]
[SourceDate "2004.09.01"]
[SourceVersion "2"]
[SourceVersionDate "2004.09.01"]
[SourceQuality "1"]

1. d4 d5 2. c4 e6 3. Nc3 Be7 4. Nf3 Nf6 5. Bg5 Nbd7 6. e3 h6 7. Bh4 O-O 8. Rc1 b6 9. cxd5 exd5 10. Bd3 Bb7 11. Qe2 Re8 12. O-O Ne4 13. Bxe7 Qxe7 14. Ba6 Bxa6 15. Qxa6 Nxc3 16. Rxc3 c5 17. Rfc1 Qe6 18. h3 Nb8 19. Qa4 Nd7 20. b3 Reb8 21. Qa6 Rc8 22. Ne1 Rc7 23. Nd3 Rac8 24. Nf4 Qd6 25. Rd1 c4 26. Rdc1 g5 27. Ne2 Qe6 28. Ng3 Nb8 29. Qa4 a6 30. bxc4 b5 31. Qd1 Rxc4 32. Rxc4 Rxc4 33. Rxc4 bxc4 34. e4 dxe4 35. d5 Qe5 36. Qg4 c3 37. Qc8+ Kh7 38. Ne2 Qxd5 39. Nxc3 Qe5 40. Qc4 Kg7 41. Nxe4 Qa1+ 42. Kh2 Qe5+ 43. g3 Nd7 44. Kg2 a5 45. Qc6 Nf6 46. Nc3 Qf5 47. Qd6 h5 48. Qd4 Kg6 49. a4 Qc2 50. Qe5 Qf5 51. Qd6 Kg7 52. Qd2 Kg6 53. Qe2 Qc5 54. Qd3+ Qf5 55. Qd4 Qc2 56. h4 gxh4 57. gxh4 Qf5 58. f3 Qd7 59. Qe3 Qf5 60. Kg3 Nd5 61. Nxd5 Qxd5 62. Qf4 Qc5 63. Qe4+ Qf5 64. Qe8 Kg7 65. Qe3 Kg6 66. Qd4 f6 67. Qe4 Qxe4 68. fxe4 Kf7 69. Kf3 Ke7 70. Ke3 Kd7 71. Kd3 Ke6 72. Kc4 Ke5 73. Kb5 Kxe4 74. Kxa5 f5 75. Kb6 f4 76. a5 f3 77. a6 f2 78. a7 f1=Q 79. a8=Q+ Kd4 80. Qd8+ Kc3 81. Qh8+ Kc4 82. Qg8+ Kd4 83. Qg7+ 1/2-1/2

[Event "CAN-op"]
[Site "Kapuskasing CAN"]
[Date "2004.07.11"]
[Round "2"]
[White "Goletiani, Rusudan"]
[Black "Lipnowski, Samuel"]
[Result "1-0"]
[WhiteElo "2334"]
[BlackElo "2288"]
[PlyCount "85"]
[GameId "2160767911095237"]
[EventDate "2004.07.10"]
[EventType "swiss"]
[EventRounds "10"]
[EventCountry "CAN"]
[SourceTitle "CBM 101 Extra"]
[Source "ChessBase"]
[SourceDate "2004.09.01"]
[SourceVersion "2"]
[SourceVersionDate "2004.09.01"]
[SourceQuality "1"]

1. Nf3 g6 2. d4 c5 3. e3 Bg7 4. Be2 Nf6 5. O-O O-O 6. b3 cxd4 7. Nxd4 Nc6 8. Bb2 d5 9. Nxc6 bxc6 10. c4 a5 11. Nd2 a4 12. bxa4 Qa5 13. cxd5 cxd5 14. Bb5 Ba6 15. Nb3 Qb4 16. a3 Qd6 17. Nd4 Ne4 18. Rc1 Rfc8 19. Qe2 Bb7 20. Rfd1 h5 21. h3 Bf6 22. Rxc8+ Rxc8 23. a5 Nc3 24. Bxc3 Rxc3 25. a6 Ba8 26. a4 Kg7 27. Qb2 Qc5 28. Bf1 e5 29. Ne2 Rc2 30. Rc1 Rxb2 31. Rxc5 d4 32. Rc8 Bd5 33. exd4 exd4 34. Nf4 Be4 35. a7 Bg5 36. Nd3 Rb1 37. a8=Q Bxd3 38. Rg8+ Kh7 39. Rh8+ Kg7 40. Qf8+ Kf6 41. Qd6+ Kf5 42. Qd5+ Kf6 43. Qxd4+ 1-0

[Event "CAN-op"]
[Site "Kapuskasing CAN"]
[Date "2004.07.11"]
[Round "2"]
[White "Harper, Ryan"]
[Black "Zubac, Marius"]
[Result "0-1"]
[WhiteElo "2207"]
[BlackElo "2185"]
[PlyCount "98"]
[GameId "2160767911095238"]
[EventDate "2004.07.10"]
[EventType "swiss"]
[EventRounds "10"]
[EventCountry "CAN"]
[SourceTitle "CBM 101 Extra"]
[Source "ChessBase"]
[SourceDate "2004.09.01"]
[SourceVersion "2"]
[SourceVersionDate "2004.09.01"]
[SourceQuality "1"]

1. e4 c5 2. Nf3 Nc6 3. d4 cxd4 4. Nxd4 Nf6 5. Nc3 e5 6. Ndb5 d6 7. Bg5 a6 8. Na3 b5 9. Bxf6 gxf6 10. Nd5 f5 11. exf5 Bxf5 12. c3 Bg7 13. Nc2 O-O 14. Nce3 Be6 15. Bd3 f5 16. Qh5 e4 17. Bc2 Ne7 18. Nf4 Bf7 19. Bb3 d5 20. Qg5 h6 21. Qh4 b4 22. g4 bxc3 23. gxf5 cxb2 24. Rb1 Qa5+ 25. Kf1 Qb5+ 26. Kg2 d4 27. Qxe7 Bxb3 28. axb3 dxe3 29. Qe6+ Rf7 30. fxe3 Qxf5 31. Qxf5 Rxf5 32. Rhd1 Rc5 33. Ne6 Rc2+ 34. Kh3 Be5 35. Rg1+ Kf7 36. Nf4 Rb8 37. Rgf1 Rxb3 38. Nd3+ Ke6 39. Nxe5 Rxe3+ 40. Kg4 Kxe5 41. Rf5+ Kd4 42. Ra5 Rg2+ 43. Kh5 Rxh2+ 44. Kg4 h5+ 45. Kg5 Rc3 46. Rxa6 Rc1 47. Rd6+ Ke3 48. Rd1 Rxb1 49. Rxb1 Kd3 0-1

[Event "CAN-op"]
[Site "Kapuskasing CAN"]
[Date "2004.07.11"]
[Round "2"]
[White "Huzman, Alexander"]
[Black "Bluvshtein, Mark"]
[Result "1/2-1/2"]
[WhiteElo "2588"]
[BlackElo "2462"]
[PlyCount "50"]
[GameId "2160767911095239"]
[EventDate "2004.07.10"]
[EventType "swiss"]
[EventRounds "10"]
[EventCountry "CAN"]
[SourceTitle "CBM 101 Extra"]
[Source "ChessBase"]
[SourceDate "2004.09.01"]
[SourceVersion "2"]
[SourceVersionDate "2004.09.01"]
[SourceQuality "1"]

1. d4 Nf6 2. c4 e6 3. Nf3 b6 4. g3 Bb7 5. Bg2 Be7 6. Nc3 Ne4 7. Bd2 Nxc3 8. Bxc3 d5 9. cxd5 exd5 10. Qa4+ c6 11. Ne5 a5 12. O-O b5 13. Qc2 Nd7 14. Nd3 O-O 15. b3 Qb6 16. a4 Nf6 17. Rfc1 Rfb8 18. e3 Bc8 19. Ne5 Be6 20. Be1 Rc8 21. Nxc6 Bf8 22. axb5 Qxb5 23. Bf1 Qb7 24. Bxa5 Bd7 25. Nd8 Rxd8 1/2-1/2